Sprievodca stopára po informačnej diaľnici
Guardado en:
| Autor principal: | |
|---|---|
| Autor Corporativo: | |
| Otros Autores: | , |
| Formato: | Libro |
| Lenguaje: | eslovaco |
| Publicado: |
Bratislava
Vydavateľstvo Ekonóm
1997
|
| Materias: | |
| Etiquetas: |
Sin Etiquetas, Sea el primero en etiquetar este registro!
|
MARC
| LEADER | 00000nam a2200000 4500 | ||
|---|---|---|---|
| 001 | c100196 | ||
| 005 | 20221123122548.1 | ||
| 020 | |a 80-225-0916-7 | ||
| 041 | 0 | |a slo | |
| 044 | |a SK | ||
| 245 | 1 | 0 | |a Sprievodca stopára po informačnej diaľnici |c Jozef Hvorecký, Daniela Chudá, John Southworth |
| 264 | 1 | |a Bratislava |b Vydavateľstvo Ekonóm |c 1997 | |
| 300 | |a 130 s. | ||
| 610 | 2 | 0 | |a siete počítačové |
| 610 | 2 | 0 | |a prenos dát diaľkový |
| 610 | 2 | 0 | |a pošta elektronická |
| 610 | 2 | 0 | |a dáta |
| 610 | 2 | 0 | |a jazyky programovacie |
| 610 | 2 | 0 | |a informatika |
| 610 | 2 | 0 | |a internet |
| 610 | 2 | 0 | |a TELNET |
| 100 | 1 | |a Hvorecký, Jozef | |
| 700 | 1 | |a Chudá, Daniela | |
| 700 | 1 | |a Southworth, John | |
| 710 | 2 | |a Ekonomická univerzita v Bratislave. Fakulta hospodárskej informatiky | |